LITERATURE AND INTEGRATED STUDIES (Record no. 1783)
[ view plain ]
| 000 -LEADER | |
|---|---|
| fixed length control field | 00319nam a22001337a 4500 |
| 020 ## - INTERNATIONAL STANDARD BOOK NUMBER | |
| ISBN | 0-673-29450-1 |
| 082 ## - DEWEY DECIMAL CLASSIFICATION NUMBER | |
| Classification number | 830 |
| Item number | PUR/S |
| 100 ## - MAIN ENTRY--AUTHOR NAME | |
| Personal name | PURVES, ALAN C |
| 245 ## - TITLE STATEMENT | |
| Title | LITERATURE AND INTEGRATED STUDIES |
| 260 ## - PUBLICATION, DISTRIBUTION, ETC. (IMPRINT) | |
| Place of publication | UNITED STATES |
| Name of publisher | SCOTT FORESMAN |
| Year of publication | 1997 |
| 300 ## - PHYSICAL DESCRIPTION | |
| Number of Pages | 1020 |
| 650 ## - SUBJECT ADDED ENTRY--TOPICAL TERM | |
| Topical Term | ENCYCLOPEDIA |
| Geographic subdivision | INDIA |
| 942 ## - ADDED ENTRY ELEMENTS (KOHA) | |
| Koha item type | Books |
| Withdrawn status | Lost status | Collection code | Home library | Current library | Shelving location | Date acquired | Source of acquisition | Full call number | Accession Number | Koha item type |
|---|---|---|---|---|---|---|---|---|---|---|
| Reference | Main Library | Main Library | SHELF 1-B DICTIONARIES& ENCYCLOPEDIAS | 10/10/2006 | purchase | 830 PUR/S | 00830 | Books |